| 000 | 00419nam a2200193Ia 4500 | ||
|---|---|---|---|
| 008 | 170918s9999 xx 000 0 und d | ||
| 020 | _a439283078 | ||
| 050 | _bA957 1977 | ||
| 100 | _aAvi | ||
| 245 | _aCaptain Grey / | ||
| 245 | _cAvi. | ||
| 260 | _aNew York : | ||
| 260 | _bScholastic, | ||
| 260 | _c1977 | ||
| 300 | _a141 pages : | ||
| 300 | _bcolored illustration ; | ||
| 300 | _c19cm. | ||
| 500 | _a840 | ||
| 999 |
_c342077 _d342077 |
||